| 000 | 01027 a2200157 4500 | ||
|---|---|---|---|
| 003 | Nust | ||
| 005 | 20170207154214.0 | ||
| 040 | _cNust | ||
| 082 | _a378.4 | ||
| 245 |
_aGuide to Undergraduate Programmes _bUni of East London |
||
| 260 |
_aLondon _bUEL _c2001 |
||
| 300 | _a159 p. | ||
| 505 | _aWhy Choose UEl (Page-3) London – a great Place to Study Our Campuses (Page-6) In and Around Barking Campus (Page-8) Map of the Local Area (Page-20) Choosing your Programmer (Page-22) How Will you Learn (Page-24) Entry Requirements (Page-27) If you from School or College (Page-28) If you are a Mature Student (Page-29) Accounting Finance & Economics (Page-40) Architecture (Page-44) Art & Design (Page-46) Computing (Page-62) Engineering (Page-68) Geography & Land Management (Page-76) Humanities (Page-88) Information Technology Studies (Page-102) Life Sciences (Page-110) Extended Degrees (Page-147) Single Honors Degrees (Page-148) Postgraduate Programmes (Page-150) | ||
| 538 | _aAlmirah No.117 Shelf No.2 | ||
| 650 | _aUG Prospectus | ||
| 942 |
_2ddc _cBK |
||
| 999 |
_c195002 _d195002 |
||